Οι περιβαλλοντικές Μη Κυβερνητικές Οργανώσεις στην Ελλάδα : ο τρόπος δράσης τους και η σύνδεση τους με την κοινωνία : πτυχιακή εργασία

Αποθηκεύτηκε σε:
Λεπτομέρειες βιβλιογραφικής εγγραφής
Κύριος συγγραφέας: Δεσποινάκη, Ευαγγελία
Συγγραφή απο Οργανισμό/Αρχή: Πανεπιστήμιο Αιγαίου. Σχολή Περιβάλλοντος. Τμήμα Περιβάλλοντος
Άλλοι συγγραφείς: Μποτετζάγιας, Ιωσήφ Α. (Εισηγητής διατριβής)
Μορφή: Thesis Βιβλίο
Γλώσσα:Greek
Δημοσίευση: 2012
Θέματα:
Διαθέσιμο Online:http://hdl.handle.net/11610/10164
Ετικέτες: Προσθήκη ετικέτας
Δεν υπάρχουν, Καταχωρήστε ετικέτα πρώτοι!

MARC

LEADER 00000cam a2200000 i 4500
001 1/32349
008 130628s2012 gre d
035 |l 10114901 
040 |a GR-MY-UA  |b gre  |e aacr 
041 0 |a gre 
082 0 |a 333.709495  |2 (22) 
100 1 |a Δεσποινάκη, Ευαγγελία. 
245 1 3 |a Οι περιβαλλοντικές Μη Κυβερνητικές Οργανώσεις στην Ελλάδα :  |b ο τρόπος δράσης τους και η σύνδεση τους με την κοινωνία : πτυχιακή εργασία /  |c Επιμέλεια εργασίας: Δεσποινάκη Ευαγγελία ; επιβλέπων καθηγητής: Ιωσήφ Μποτετζάγιας 
260 |c 2012 
300 |a 64 σ.;  |c 30 εκ. 
502 |a Πτυχιακή εργασία – Πανεπιστήμιο Αιγαίου, Λέσβος, 2012. 
504 |a Βιβλιογραφία: σ. 62-64 
650 0 0 |a Non-governmental organizations  |z Greece. 
650 0 0 |a Dissertations, Academic  |z Greece. 
700 1 |4 ths  |a Μποτετζάγιας, Ιωσήφ Α. . 
710 2 |a Πανεπιστήμιο Αιγαίου.   |b Σχολή Περιβάλλοντος.   |b Τμήμα Περιβάλλοντος. 
852 |a INST  |b LESVOS  |c DIATR  |e 20130628  |h 1435  |p 005100051925  |q 005100051925  |t DIE  |y 23 
852 |a INST  |b LESVOS  |c DIATR  |e 20130628  |h 1436  |p 005100051931  |q 005100051931  |t DIE  |y 23 
856 |u http://hdl.handle.net/11610/10164 
901 |a BIBL1-2013-2 
909 |a Λ  |b 179569 
909 |a Λ  |b 179570 
924 |a ΔΕΣΠΟΙΝΑΚΗ  |b ΕΥΑΓΓΕΛΙΑ  |y ΛΕΣΒΟΣ  |z 2013-06 
970 |a ΤΖΑΦΕΡΗ  |b ΕΥΑΓΓΕΛΙΑ  |z 2013/06/28